000 00684nam a2200253Ia 4500
003 OSt
005 20221005021827.0
006 a|||||r|||| 00| 0
007 ta
008 221004b |||||||| |||| 00| 0 guj d
024 _a40889
037 _cTextual
040 _aCRL
_cCRL
_bguj
041 _2guj
_aguj
082 _aO156,3N322,1, J3
100 _aMadani Au.
_9577500
245 0 _aKumaroni parvaskatha
260 _aAhamdabad
_bGujjar granth rattan karyalya India
_c1953
300 _a144p.
_ccm.
650 _a GUJRATI LITERATURE
650 _aGUJRATI FICTION
942 _hO156,3N322,1, J3
_cTEXL
_2cc
999 _c928208
_d928208